Automatizované spracovanie evidencie a využívania základných prostriedkov v k.p. ZVT Banská Bystrica záverečná práca postgraduálneho štúdia

Gespeichert in:
Bibliographische Detailangaben
1. Verfasser: Zemko, Vojtech
Körperschaft: Vysoká škola ekonomická v Bratislave
Weitere Verfasser: Kvietková, Anna
Format: Buch
Sprache:Slowakisch
Veröffentlicht: Bratislava 1987
Tags: Tag hinzufügen
Keine Tags, Fügen Sie das erste Tag hinzu!

MARC

LEADER 00000nam a2200000 4500
001 c039047
005 20230116094955.0
041 0 |a slo 
044 |a SK 
245 1 0 |a Automatizované spracovanie evidencie a využívania základných prostriedkov v k.p. ZVT Banská Bystrica  |b záverečná práca postgraduálneho štúdia  |c Vojtech Zemko ; Ved. práce Anna Kvietková 
264 1 |a Bratislava  |c 1987 
300 |a 40 s. 
100 1 |a Zemko, Vojtech 
700 1 |a Kvietková, Anna 
710 2 |a Vysoká škola ekonomická v Bratislave